Pazzerello - Statistics

Statistiche generali
  • Questo quiz è stato fatto 60 volte
  • Il punteggio medio è 8 su 15
Statistiche sulle risposte
Hint Risposta % Corretto
Uptown funk Bruno mars
86%
Dancing queen ABBA
84%
Notti in bianco Blanco
81%
Coraline Måneskin
79%
Someone like you Adele
77%
Bloody mary Lady gaga
67%
Can’t hold us Macklemore
65%
Titi me pregunto Bad bunny
63%
Ma cherie Dj antoine
49%
Fairy tail Alexander rybak
33%
Freed from desire GALA
33%
Miénteme Tini
23%
Sunday best Surfaces
21%
Loco loco Hurricane
16%
Mi amor Noizy
7%
Nessun quiz corrispondente trovato
Distribuzione punteggi
Percentuale di utenti per punteggio
Percentile per numero di risposta
I tuoi punteggi nel tempo
Non hai fatto questo quiz